| 000 | 01226nam0a2200277 i 4500 | ||
|---|---|---|---|
| 001 | RU\NLR\BIBL_A\011195331 | ||
| 005 | 20240921164537.0 | ||
| 010 |
_a9785000970904 _950 |
||
| 021 |
_aRU _b2016-59563 _93781 |
||
| 035 | _a(NLR Aleph) 011195331 | ||
| 090 |
_a11889366 _c11889366 |
||
| 100 | _a20160812d2016 u y0rusy50 ca | ||
| 101 | 0 | _arus | |
| 102 | _aRU | ||
| 105 | _aa|||j|||000yy | ||
| 200 | 1 |
_aЭкономика _eучебное пособие _e[для студентов, обучающихся по неэкономическим специальностям] _fП.В. Бурковский _gМ-во сел. хоз-ва Рос. Федерации, ФГБОУ ВПО "Кубан. гос. аграр. ун-т" |
|
| 210 |
_aКраснодар _cКубГАУ _d2016 |
||
| 215 |
_a139 с. _cил. _d21 |
||
| 320 | _aБиблиогр.: с. 138 (6 назв.) | ||
| 606 | 1 |
_aЭкономика _jУчебные издания для высших учебных заведений _xТеория _91565397 _3RU\NLR\AUTH\66985247 |
|
| 686 | 1 | _aУ010я73 | |
| 700 | 1 |
_aБурковский _bП. В. _gПетр Васильевич |
|
| 942 | _cBOOK | ||
| 980 | _aNBR | ||